000 00533pam a2200217 a 4500
001 2452385
005 20180216084729.0
008 890530s1990 nyua b 001 0 eng
010 _a 89011801
020 _a0716720310 :
_c$32.00
040 _aDLC
_cDLC
_dDLC
041 _aeng
080 _a512.5
082 0 0 _a512.5 JAC
_220
100 1 _a36
101 _aMAT
245 1 0 _aLinear algebra /
_cBill Jacob.
504 _aBibliography: p. 537-538.
906 _a7
_bcbc
_corignew
_d1
_eocip
_f19
_gy-gencatlg
942 _2ddc
_cBK
999 _c42838
_d42838